Memoria que presenta la Junta directiva a la Junta general ordinaria de socios de número el día 27 de julio de 1895 / Ateneo Obrero de San Andrés de Palomar
Descripción Física:
19 p. ; 27 cm
MARC
| LEADER | 00000nam a2200000Ia 4500 | ||
|---|---|---|---|
| 001 | 16259 | ||
| 003 | BGR | ||
| 005 | 20260410113642.0 | ||
| 008 | 160829s1895 xx 000 0 cat d | ||
| 080 | |a RF-13-33 | ||
| 110 | 2 | |a Ateneo Obrero de San Andrés de Palomar |9 70517 | |
| 245 | |a Memoria que presenta la Junta directiva a la Junta general ordinaria de socios de número el día 27 de julio de 1895 / Ateneo Obrero de San Andrés de Palomar | ||
| 260 | |a [S.l. : |b s.n.], |c 1895 | ||
| 300 | |a 19 p. ; |c 27 cm | ||
| 590 | |a Prové de 2103, exp. 5 | ||
| 650 | |a Ateneo Obrero de San Andrés de Palomar |x Memòries |9 43528 | ||
| 856 | 4 | |u https://media.diba.cat/diba/fitxers/arxiu/fulletons/bib_16259_1895_baixa.pdf |y Accés lliure | |
| 856 | 4 | |u https://media.diba.cat/diba/fitxers/arxiu/fulletons/bib_16259_1895_baixa.pdf |y Accés lliure | |
| 900 | |a bib_16259_1895_baixa.pdf | ||
| 901 | |a Arxiu | ||
| 942 | |n 1 |2 udc |c MON | ||
| 952 | |0 0 |1 0 |4 0 |6 RF1333 |7 1 |9 51493 |a Arxiu |b Arxiu |d 2016-12-01 |l 0 |o RF-13-33 |p 16259 |r 2016-12-01 00:00:00 |w 2016-12-01 |y ARXIU | ||
| 999 | |c 55337 |d 55337 | ||